Nueva historia / introducción, traducción y notas de josé m. candau morón

Guardado en:
Autor Principal: Zósimo
Otros Autores: Candau Morón, José M., trad.
Formato: Libro
Publicado: Madrid : Gredos
Series:Biblioteca Clásica Gredos ; 174
Materias:
Etiquetas: Agregar Etiqueta
Sin Etiquetas, Sea el primero en etiquetar este registro!
LEADER 00655nam a22002175a 4500
001 EHU.bham029795
003 AR-BHAM
005 20070807163853.0
008 130507b######################000#0#####d
020 |a 8424916050 
082 8 7 |a 878.2 
100 1 |a Zósimo 
245 1 0 |a Nueva historia /  |b introducción, traducción y notas de josé m. candau morón  |c  Zósimo : 
260 |a Madrid :  |b Gredos 
300 |a 560 p. 
490 0 |a Biblioteca Clásica Gredos ; 174 
653 |a Roma 
653 |a Roma-historia de 
653 |a Literatura latina 
700 1 |a Candau Morón, José M., trad. 
859 |a AR-BHAM  |b BIB. HUMANIDADES - General  |h 878.2  |i Z71  |p 229.07  |t Ej.1